00688 a2200169 4500020001500000040001300015082001400028100002100042245012300063260005700186300003500243500002000278650005200298942002600350999001500376952012700391 a0136455654 aDLCbDLC00a621.382/21 aCarne, E. Bryan,10aTelecommunications topics : applications of functions and probabilities in electronic communications cE. Bryan Carne. aUpper Saddle River, NJ :bPrentice Hall PTR,cc1999. axxii, 417 p. :bill. ;c24 cm. aIncludes index. 0aSignal theory (Telecommunication)xMathematics. cBKk621.3822 CAR2ddc c8190d8190 001040708NFICaCLbCLcGENd2001-08-02ePak Americang3240.63l0o621.3822 CARpSEECS001131r2012-11-14w2017-01-05yBK